Fast food restraunts in Texas - Statistics

General Stats
  • This quiz has been taken 337 times
    326 since last reset
  • The average score is 7 of 15
Answer Stats
Hint Answer % Correct
Hamburgers Mcdonalds
79%
Frosty's Wendys
75%
Pizza Pizza Hut
74%
Mexican Taco Bell
65%
tater-tots and slushes Sonic
61%
Chinese Panda Express
59%
Hamburgers Burger king
58%
Chicken and Lemonade Chick-fil-a
58%
Pizza Dominos
56%
Hot n ready pizza Little Caesar's
39%
Chicken Canes
25%
Mexican Taco Bueno
18%
Chicken Chicken Express
17%
Mexican Taco Casa
9%
Hamburgers five guys
8%
No matching quizzes found
Score Distribution
Percent of People with Each Score
Percentile by Number Answered
Your Score History
You have not taken this quiz since the last reset